Statistics for Closest Countries to Kinshasa

Click here to take the quiz!

General Stats

  • This quiz has been taken 42 times
  • The average score is 24 of 25

Answer Stats

Distance to KinshasaCountry% Correct
153 km | 95 miAngola
100%
269 km | 167 miGabon
100%
2,117 km | 1,315 miKenya
100%
1,199 km | 745 miZambia
100%
1,830 km | 1,137 miBenin
97%
1,666 km | 1,035 miBotswana
97%
1,967 km | 1,222 miGhana
97%
1,268 km | 788 miNigeria
97%
13.6 km | 8.5 miRepublic of the Congo
97%
1,534 km | 953 miRwanda
97%
1,564 km | 972 miTanzania
97%
1,623 km | 1,008 miUganda
97%
690 km | 429 miCameroon
95%
1,327 km | 825 miChad
95%
1,398 km | 869 miNamibia
95%
1,832 km | 1,138 miSudan
95%
1,914 km | 1,189 miTogo
95%
1,851 km | 1,150 miZimbabwe
95%
1,528 km | 949 miBurundi
92%
754 km | 469 miCentral African Republic
92%
2,023 km | 1,257 miMalawi
92%
1,091 km | 678 miSão Tomé and Príncipe
92%
1,711 km | 1,063 miSouth Sudan
92%
753 km | 468 miEquatorial Guinea
90%
2,025 km | 1,258 miMozambique
79%

Score Distribution

Percentile by Number Answered

Percent of People with Each Score

Your Score History

You have not taken this quiz